Elemental: manual de vivenda incremental y diseño participativo
保存先:
| 主要な著者: | , |
|---|---|
| フォーマット: | 図書 |
| 言語: | スペイン語 英語 |
| 出版事項: |
Hatje Cantz
2012
|
| 主題: | |
| タグ: |
タグ追加
タグなし, このレコードへの初めてのタグを付けませんか!
|
MARC
| LEADER | 00000cam a2200000 a 4500 | ||
|---|---|---|---|
| 001 | UCF6547 | ||
| 003 | CL-VaPUC | ||
| 008 | 130503e20120000GW |||||||||||||||||spa|d | ||
| 020 | |a 9783775734608 | ||
| 041 | 0 | 7 | |a spa |2 CL-VaPUC |
| 041 | 0 | 7 | |a eng |2 CL-VaPUC |
| 082 | 0 | 4 | |a 728.1 |b ARA |2 21 |
| 100 | 0 | |a Aravena, Alejandro |e author |9 568543 | |
| 700 | 0 | |a Iacobelli, Andrés |e author |9 568544 | |
| 245 | 1 | 0 | |a Elemental: manual de vivenda incremental y diseño participativo |
| 246 | 1 | 0 | |a Elemental: incremental housing and participatory design manual |
| 300 | |a 509 p | ||
| 942 | |c BK | ||
| 945 | |d 20130503 00:00:00 |a dcastane | ||
| 260 | |b Hatje Cantz |c 2012 | ||
| 650 | 0 | |a Vivienda económica |9 556615 | |
| 650 | 0 | |a Construcción de viviendas baratas |9 568545 | |
| 650 | 7 | |a CONJUNTOS HABITACIONALES |2 CL-VaPUC |9 556617 | |
| 650 | 0 | |a Urbanización |9 265706 | |
| 650 | 0 | |a Calidad de vida |9 322944 | |
| 583 | |a last modification |c 20130503 10:06:00 |k Rodrigo Vera | ||
| 999 | |c 351713 |d 351711 | ||
| 952 | |0 0 |1 0 |4 0 |6 728_100000000000000_ARA_2012 |7 0 |8 R |9 455993 |a BIBARQ |b BIBARQ |d 2019-11-22 |i 4968778 |l 10 |o 728.1 ARA 2012 |p 4968778 |r 2025-03-11 |s 2025-03-11 |w 2019-11-22 |y BK_R |k ARQ | ||